| 000 | 00430nam a22001697a 4500 | ||
|---|---|---|---|
| 999 |
_c16712 _d16712 |
||
| 003 | OSt | ||
| 005 | 20180316161326.0 | ||
| 008 | 180316b xxu||||| |||| 00| 0 eng d | ||
| 020 | _a9781847209207 | ||
| 040 | _ckabu | ||
| 050 |
_aHG 178.3 _b.M53 2008 C.1 |
||
| 245 |
_aMicrofinance _cEmerging Trends and Challenges |
||
| 260 |
_aUSA _bEdward Elgar _c2008 |
||
| 300 | _axi, 130p. | ||
| 650 | _aMicrofinance | ||
| 942 |
_2lcc _cBK |
||